00847nam a2200241Ia 450000500170000000800410001702000150005810000380007324500490011125000190016030000420017949000520022150000370027365000360031065000450034665000450039126400310043633600270046733700330049433800280052704000350055508400150059020220317000548.0160601s2005 ck a g 000 0 und  a95863337441 aGarcía Cárcel, Ricardod1948-13aLa inquisición cRicardo García Cárcel a2a. edición  a96 páginas bilustraciones c20 cm  aColección biblioteca básicapSerie historia aIncluye: Cronología y Glosario142LEMBaInquisición xHistoria 142LEMBaPersecución religiosa xHistoria142LEMBaIglesia xHistoria zEdad moderna  aBogotá bRei Andesc2005 atextobtxt2rdacontent asin mediaciónbn2rdamedia avolumenbnc2rdacarrier aCO-BoRNBPbspaerdacCO-BoRNBP a272.2 G17i